| 000 | 01263cam a2200349 i 4500 | ||
|---|---|---|---|
| 001 | 22016975 | ||
| 003 | NUST | ||
| 005 | 20221019143355.0 | ||
| 008 | 210430s2021 nyu 000 1 eng | ||
| 010 | _a 2021019919 | ||
| 020 |
_a9780374181178 _q(hardcover) |
||
| 038 | _aAzhar | ||
| 040 |
_aDLC _beng _erda _cDLC _dDLC |
||
| 042 | _apcc | ||
| 050 | 0 | 0 |
_aPS3556.R352 _bC76 2021 |
| 082 | 0 | 0 |
_a813.54 _223 _bFRA |
| 100 | 1 |
_aFranzen, Jonathan, _eauthor. _927009 |
|
| 245 | 1 | 0 |
_aCrossroads / _cJonathan Franzen. |
| 250 | _aFirst edition. | ||
| 260 |
_aNew York _bFarrar, Straus and Giroux, _c2021. |
||
| 264 | 1 | _a : | |
| 300 |
_a580 pages ; _c24 cm |
||
| 336 |
_atext _btxt _2rdacontent |
||
| 337 |
_aunmediated _bn _2rdamedia |
||
| 338 |
_avolume _bnc _2rdacarrier |
||
| 520 |
_a"Crossroads is the first novel in Jonathan Franzen's A Key to All Mythologies. The trilogy tells the story of a Midwestern family across three generations, mirroring the preoccupations and dilemmas of the United States from the Vietnam War to the 2020s"-- _cProvided by publisher. |
||
| 563 | _aHB | ||
| 655 | 7 |
_aNovels. _2lcgft _996108 |
|
| 906 |
_a7 _bcbc _corignew _d1 _eecip _f20 _gy-gencatlg |
||
| 942 |
_2ddc _cLC |
||
| 999 |
_c591951 _d591951 |
||